Theory and principles of electrode processes / (Record no. 183670)
[ view plain ]
| 000 -LEADER | |
|---|---|
| fixed length control field | 00936 a2200169 4500 |
| 003 - CONTROL NUMBER IDENTIFIER | |
| control field | Nust |
| 005 - DATE AND TIME OF LATEST TRANSACTION | |
| control field | 20221012133126.0 |
| 040 ## - CATALOGING SOURCE | |
| Transcribing agency | Nust |
| 082 ## - DEWEY DECIMAL CLASSIFICATION NUMBER | |
| Classification number | 541.3724,CON |
| 100 ## - MAIN ENTRY--PERSONAL NAME | |
| Personal name | Conway, B. E. |
| 9 (RLIN) | 100019 |
| 245 ## - TITLE STATEMENT | |
| Title | Theory and principles of electrode processes / |
| Statement of responsibility, etc. | B.E. Conway. |
| 260 ## - PUBLICATION, DISTRIBUTION, ETC. | |
| Place of publication, distribution, etc. | New York, |
| Name of publisher, distributor, etc. | Ronald Press Co |
| Date of publication, distribution, etc. | . [1965] |
| 300 ## - PHYSICAL DESCRIPTION | |
| Extent | vii, 303 p. illus. |
| Other physical details | 24 cm. |
| 505 ## - FORMATTED CONTENTS NOTE | |
| Formatted contents note | Introduction (Page-3), Potential Differences at Interfaces (Page-13), Distribution of Ions and Molecules at Electrode Interface (Page-25), Determination of Reactant Adsorption at Electrodes (Page-44), Adsorption Behavior of Neutral Molecules and Ions (Page-69), Electrochemical Kinetic Principles (Page-92), Adsorbed Intermediates at Electrodes (Page-136), Applications to Selected Problems (Page-170), Electrochemical Field Effect at the Gas Metal Interface (Page-273), |
| 650 ## - SUBJECT ADDED ENTRY--TOPICAL TERM | |
| Topical term or geographic name entry element | Theory and principles of electrode |
| 9 (RLIN) | 100020 |
| 942 ## - ADDED ENTRY ELEMENTS (KOHA) | |
| Source of classification or shelving scheme | |
| Koha item type | Book |
| Withdrawn status | Lost status | Source of classification or shelving scheme | Damaged status | Not for loan | Permanent Location | Current Location | Shelving location | Date acquired | Full call number | Barcode | Date last seen | Price effective from | Koha item type | Public note | Collection code | Total Checkouts |
|---|---|---|---|---|---|---|---|---|---|---|---|---|---|---|---|---|
| Military College of Signals (MCS) | Military College of Signals (MCS) | General Stacks | 12/12/2016 | 541.3724,CON | MCS6258 | 12/08/2016 | 12/12/2016 | Book | Almirah No.25, Shelf No.4 | |||||||
| Military College of Signals (MCS) | Military College of Signals (MCS) | 12/12/2016 | 541.3724 CON | MCS6502 | 12/08/2016 | 12/12/2016 | Book |
